000 00325 a2200145 4500
001 162928
020 _a
040 _cMagnum
100 _a-
240 1 0 _aRevista de educacao aec/educacao libertadora
_lpor
245 1 0 _aRevista de educacao aec/educacao libertadora
362 0 _a1899
697 _aENSINO
942 _cBK
999 _c162928
_d162928